000 00763 a2200277 4500
001 8721
003 Complexo Educacional Contemporaneo
005 20230919130149.0
008 200824s1994 r por d
020 _a9788516009847
040 _aComplexo Educacional Contemporaneo
_bpor
080 _a502/504
082 _a502/504
090 _a502/504 B816s
_bAP
_dViramundo
100 _aBranco, Samuel Murgel
240 1 0 _aO Saci e a Reciclagem do Lixo
_lPortuguês
260 _aSão Paulo
_bModerna
_c1994
300 _a16p.
362 0 _a(1994)
650 4 _aLixo
650 4 _aMeio Ambiente
650 4 _aPersonagens Folclórico
650 4 _aReciclagem
245 1 0 _aO Saci e a Reciclagem do Lixo
999 _c8721
_d8721